Universal Organon/ (Record no. 208875)

MARC details
000 -LEADER
fixed length control field 00556nam a22001937a 4500
005 - DATE AND TIME OF LATEST TRANSACTION
control field 20250129154613.0
010 ## - LCCN (DPL NO)
LC control number ENG-143712
020 ## - INTERNATIONAL STANDARD BOOK NUMBER
Terms of availability 450.00
035 ## - SYSTEM CONTROL NUMBER
System control number EN-127244
037 ## - SOURCE OF ACQUISITION
Source of stock number/acquisition DBAD
082 ## - DEWEY DECIMAL CLASSIFICATION NUMBER
Classification number 615.532
100 ## - MAIN ENTRY--PERSONAL NAME
Personal name Lenin
245 ## - TITLE STATEMENT
Title Universal Organon/
Statement of responsibility, etc Lenin
250 ## - EDITION STATEMENT
Edition statement 6
260 ## - PUBLICATION, DISTRIBUTION, ETC. (IMPRINT)
Place of publication, distribution, etc Tamilnadu
Name of publisher, distributor, etc Thiruselvasubha Publications
Date of publication, distribution, etc 2016
270 ## - ADDRESS
City Tamilnadu
Address Singipuram Post, Valapady Taluk, Salem District
Postal code 636115
Electronic mail address leninsbegins@gmail.com
300 ## - PHYSICAL DESCRIPTION
Extent 267p.
Dimensions 21cm(pb)
942 ## - ADDED ENTRY ELEMENTS (KOHA)
Source of classification or shelving scheme Dewey Decimal Classification
Item type English Books
Classification part 615.532
Call number suffix LEN
Holdings
Withdrawn status Lost status Not for loan Collection code Home library Current library Date acquired Source of acquisition Cost, normal purchase price Full call number Barcode Copy number Cost, replacement price Koha item type
      Non-fiction D.B.Act.Division D.B.Act.Division 29/01/2025 Delivery of Books Act Division 450.00 615.532 LEN EN-127244 1 450.00 English Books

© Delhi Public Library
Hit Counter
free hit counter